Super power sales techniques for real estate agents

Bibliographic Details
Main Author: Korn, Charlotte (Author)
Format: Book
Language:English
Published: Reston, Virginia : Reston Publishing Co. 1976
Subjects:

MARC

LEADER 00000cam a2200000 7i4500
001 0000002199
005 20240925.0
008 991128 -usa eng
020 |a 083597331X 
040 |a INS   |b eng   |e rda 
090 0 0 |a HD1375.   |b K84 1976 
100 1 |a Korn, Charlotte ,   |e author 
245 1 0 |a Super power sales techniques for real estate agents   |c Charlotte Korn 
264 1 |a Reston, Virginia :   |b Reston Publishing Co.   |c 1976 
300 |a x, 197 pages :   |b illustrations ;   |c 22 cm. 
336 |a text  |2 rdacontent 
337 |a unmediated  |2 rdamedia 
338 |a volume  |2 rdacarrier 
500 |a Includes index 
650 0 0 |a Real estate agents 
650 0 0 |a Real estate business 
999 |a 0000000531   |b BOOK   |c Open Shelf   |e Default branch